Normal view
MARC view
Entry Corporate Name
001 - CONTROL NUMBER
- control field: 6111
003 - CONTROL NUMBER IDENTIFIER
- control field: OSt
005 - DATE AND TIME OF LATEST TRANSACTION
- control field: 20211105132735.0
008 - FIXED-LENGTH DATA ELEMENTS
- fixed length control field: 211105|| aca||aabn | a|a d
040 ## - CATALOGING SOURCE
- Original cataloging agency: OSt
- Transcribing agency: OSt
110 ## - HEADING--CORPORATE NAME
- Corporate name or jurisdiction name as entry element: Lunar International laboratory
670 ## - SOURCE DATA FOUND
- Source citation: Work cat.: (OSt): lunar International laboratory symposium 3rd Belgrade 1967 Sept. 28 6109, Research in physics and chemistry, 1969